| 000 | 00707nam a2200253 i 4500 | ||
|---|---|---|---|
| 001 | bg | ||
| 100 | 1 | _aLeda, Henryk. | |
| 245 | 0 |
_aStale z bainitem w wyrobach przemysłu maszynowego / _cHenryk Leda. |
|
| 260 |
_aPoznań : _bWydawnictwo Politechniki Poznańskiej, _c2006. |
||
| 300 |
_a61, [1] s. : _bil. ; _c24 cm |
||
| 504 | _aBibliogr. | ||
| 546 | _aStreszcz. ang. | ||
| 650 | 9 |
_aPrzemysł _xwyroby _xbadanie |
|
| 650 | 9 |
_aStal _xbadanie |
|
| 650 | 9 |
_aStal _xstosowanie |
|
| 020 | _a9788371432637 | ||
| 040 | _cBPK | ||
| 041 | 0 |
_apol _beng |
|
| 044 | _apol | ||
| 080 | _a669.1.017:621.82/.89:620.17 | ||
| 920 | _a978-83-7143-263-7 | ||
| 942 | _cKS | ||
| 008 | s pl f |000 0 pol | ||
| 999 |
_c54037 _d54037 |
||
| 856 |
_uhttp://koha.tu.koszalin.pl/cgi-bin/koha/opac-detail.pl?biblionumber=54037 _yKatalog online BPK |
||